Visualizzazione normale
Vista MARC
- Ronfani Paola, Bosisio Roberta, Cammarata Roberto
di Personal Name
Records bibliografici associati: 1
001 - CONTROL NUMBER
- control field: 59699
003 - CONTROL NUMBER IDENTIFIER
- control field:
005 - DATE AND TIME OF LATEST TRANSACTION
- control field: 20230314122851.0
008 - FIXED-LENGTH DATA ELEMENTS
- fixed length control field: 230314|| aca||aabn | a|a d
040 ## - CATALOGING SOURCE
- Original cataloging agency:
- Transcribing agency:
100 ## - HEADING--PERSONAL NAME
- Personal name: Ronfani Paola, Bosisio Roberta, Cammarata Roberto
670 ## - SOURCE DATA FOUND
- Source citation: Work cat.: ()232119: Ronfani Paola, Bosisio Roberta, Cammarata Roberto, Giusto e ingiusto: i sentimenti e le competenze morali degli adolescenti, 2010